000 00378nam a2200145 i 4500
001 bg
100 1 _aPERVIN, Ju. A.
245 0 _aDinamiceskie informacjonnje sistemy na predprijalii /
_cJu.A. Perwin, T.K. Sewjakowa.
260 _aMoskva,
_c1975.
700 1 _aSEVJAKOVA, T. K.
040 _cBPK
041 _apol
942 _cKS
008 s pl f |000 0 pol
999 _c16500
_d16500
856 _uhttp://koha.tu.koszalin.pl/cgi-bin/koha/opac-detail.pl?biblionumber=16500
_yKatalog online BPK